000 01399nam a2200229 a 4500
008 120416s1989 ||||||||||||||||| || u
020 _a1871950007
050 _aHF 5721 Aus
100 _aAustin, M
245 1 0 _aEffective writing for commerce and industry
260 _aDevon
_bM. A. Publications
_c1989
300 _a106p. : ill.
350 _a0.00
650 0 _aECONOMICS
650 _aWRITING--COMMERCE AND INDUSTRY
995 _aANNEX COLLECTION (Main Library)
_D0.00
_e730409
_FCBU-MAIN LIBRARY (Kitwe)
_H5
_I9.95
_jHF 5721 Aus
_M5
_UAVAILABLE
_y027200
_ZAnnex Low-Usage Collection
995 _aANNEX COLLECTION (Main Library)
_D0.00
_e730699
_FCBU-MAIN LIBRARY (Kitwe)
_H2
_I9.95
_jHF 5721 Aus
_M2
_UAVAILABLE
_y027567
_ZAnnex Low-Usage Collection
995 _aANNEX COLLECTION (Main Library)
_D0.00
_e027452
_FCBU-MAIN LIBRARY (Kitwe)
_H6
_I9.95
_jHF 5721 Aus
_UAVAILABLE
_y027452
_ZAnnex Low-Usage Collection
995 _aANNEX COLLECTION (Main Library)
_D0.00
_e730408
_FCBU-MAIN LIBRARY (Kitwe)
_H1
_I9.95
_jHF 5721 Aus
_M1
_UAVAILABLE
_y027453
_ZAnnex Low-Usage Collection
995 _aMAIN LIBRARY OPEN ACCESS
_D0.00
_e730191
_FCBU-MAIN LIBRARY (Kitwe)
_H4
_I9.95
_jHF 5721 Aus
_M4
_UAVAILABLE
_y027199
_ZMain Library Open Access Collection
995 _aMAIN LIBRARY OPEN ACCESS
_D0.00
_e730408
_FCBU-MAIN LIBRARY (Kitwe)
_H3
_I9.95
_jHF 5721 Aus
_M3
_UAVAILABLE
_WMay 19, 2006
_y027454
_ZMain Library Open Access Collection
999 _c75772
_d75772